كتاب أسماء خيل العرب وفرسانها / (رقم التسجيلة. 33837)
[ عرض عادي ]
| 000 -LEADER | |
|---|---|
| fixed length control field | 00520nam a22001577a 4500 |
| 005 - DATE AND TIME OF LATEST TRANSACTION | |
| control field | 20251108165901.0 |
| 008 - FIXED-LENGTH DATA ELEMENTS--GENERAL INFORMATION | |
| fixed length control field | 250721s1984 xx 000 0 ara d |
| 082 14 - DEWEY DECIMAL CLASSIFICATION NUMBER | |
| Classification number | م/636.11/اعر |
| 100 1# - MAIN ENTRY--PERSONAL NAME | |
| Personal name | زياد، أبي الأعرأبي أبو عبد الله محمد |
| 245 10 - TITLE STATEMENT | |
| Title | كتاب أسماء خيل العرب وفرسانها / |
| 264 1# - PRODUCTION, PUBLICATION, DISTRIBUTION, MANUFACTURE, AND COPYRIGHT NOTICE | |
| Place of production, publication, distribution, manufacture | القاهرة : |
| Name of producer, publisher, distributor, manufacturer | الهيئة المصرية العامة للكتاب، |
| Date of production, publication, distribution, manufacture, or copyright notice | 1984. |
| 300 ## - PHYSICAL DESCRIPTION | |
| Extent | 254ص |
| 650 17 - SUBJECT ADDED ENTRY--TOPICAL TERM | |
| Topical term or geographic name as entry element | الخيل |
| 942 ## - ADDED ENTRY ELEMENTS (KOHA) | |
| Source of classification or shelving scheme | Dewey Decimal Classification |
| Koha item type | مراجع |
| حالة السحب | حالة الفقدان | مصدر التصنيف | حالة التلف | غير قابل للإعارة | المكتبة الرئيسية | المكتبة الحالية | موقع الرف | تاريخ التزويد | الرقم المتسلسل | Total Checkouts | رقم الإستدعاء | الباركود | تاريخ آخر ظهور | تاريخ الفاتورة | نوع المادة (كوها) |
|---|---|---|---|---|---|---|---|---|---|---|---|---|---|---|---|
| Dewey Decimal Classification | Not For Loan | المكتبة المركزية | المكتبة المركزية | مراجع | 06/07/2004 | 110501 | م/636.11/اعر | 110501 | 28/07/2025 | 06/07/2004 | مراجع |